|
|
|
|
| LEADER |
01540nam a2200349 a 4500 |
| 001 |
EBC529942 |
| 003 |
MiAaPQ |
| 005 |
20200520144314.0 |
| 006 |
m o d | |
| 007 |
cr cn||||||||| |
| 008 |
111213s2009 sz ab sb 000 0 eng d |
| 020 |
|
|
|z 9789221222927
|
| 020 |
|
|
|a 9789221222934 (electronic bk.)
|
| 035 |
|
|
|a (MiAaPQ)EBC529942
|
| 035 |
|
|
|a (Au-PeEL)EBL529942
|
| 035 |
|
|
|a (CaPaEBR)ebr10512124
|
| 035 |
|
|
|a (OCoLC)635291245
|
| 040 |
|
|
|a MiAaPQ
|c MiAaPQ
|d MiAaPQ
|
| 043 |
|
|
|a s-bl---
|
| 050 |
|
4 |
|a HD4875.B6
|b C67 2009
|
| 100 |
1 |
|
|a Costa, Patricia Trindade Maranhao.
|
| 245 |
1 |
0 |
|a Fighting forced labour
|h [electronic resource] :
|b the example of Brazil /
|c Patricia Trindade Maranhao Costa.
|
| 260 |
|
|
|a Geneva :
|b International Labour Office,
|c 2009.
|
| 300 |
|
|
|a xvii, 122 p. :
|b ill., maps.
|
| 504 |
|
|
|a Includes bibliographical references.
|
| 505 |
0 |
|
|a pt. 1. Introduction -- pt. 2. The legal framework -- pt. 3. Context and structural causes -- pt. 4. The complex nature of rural forced labour -- pt. 5. Responses to the issue -- pt. 6. Challenges ahead.
|
| 533 |
|
|
|a Electronic reproduction. Ann Arbor, MI : ProQuest, 2015. Available via World Wide Web. Access may be limited to ProQuest affiliated libraries.
|
| 650 |
|
0 |
|a Forced labor
|z Brazil.
|
| 655 |
|
4 |
|a Electronic books.
|
| 710 |
2 |
|
|a International Labour Office.
|b Special Action Programme to Combat Forced Labour.
|
| 710 |
2 |
|
|a ProQuest (Firm)
|
| 856 |
4 |
0 |
|u https://ebookcentral.proquest.com/lib/matrademy/detail.action?docID=529942
|z Click to View
|